[Event "Mittelfranken-chTB1 1819"]
[Site "Mittelfranken"]
[Date "2019.04.28"]
[Round "9.2"]
[White "Sandner, Andreas"]
[Black "Wittmann, Karl"]
[Result "0-1"]
[WhiteElo "1860"]
[BlackElo "2066"]
[PlyCount "96"]
[EventDate "2018.10.14"]
[EventType "team-tourn"]
[EventRounds "9"]
[EventCountry "GER"]
[SourceTitle "EXT 2022"]
[Source "ChessBase"]
[SourceDate "2021.10.06"]
[SourceVersion "1"]
[SourceVersionDate "2021.10.06"]
[SourceQuality "1"]
[WhiteTeam "Bechhofen"]
[BlackTeam "Fuerth SG"]
[WhiteTeamCountry "GER"]
[BlackTeamCountry "GER"]

1. d4 Nf6 2. Nf3 e6 3. c4 d5 4. g3 dxc4 5. Na3 Bxa3 6. bxa3 c6 7. Bg2 Qa5+ 8. Nd2 Nbd7 9. 0-0 Nb6 10. Qc2 Qa6 11. e4 0-0 12. Bb2 Na4 13. Rab1 b5 14. Ba1 Bd7 15. Rfd1 Nb6 16. Bc3 Rfe8 17. Bb4 Rad8 18. Nf3 Bc8 19. e5 Nfd5 20. Ng5 g6 21. Bd6 Rxd6 22. exd6 Qxa3 23. Ne4 Na4 24. Nc5 Nxc5 25. dxc5 Qxc5 26. Rbc1 Qxd6 27. Bf1 Qa3 28. Bxc4 bxc4 29. Qxc4 Bb7 30. Rd3 Qe7 31. Rb3 Nb6 32. Qc3 Rd8 33. Qa5 Ba8 34. Ra3 Rd7 35. Rb3 Qd8 36. Rbb1 Qc7 37. Qb4 c5 38. Qa3 Qc6 39. f3 c4 40. Rd1 Rxd1+ 41. Rxd1 Qxf3 42. Rd8+ Kg7 43. Qf8+ Kf6 44. Qh8+ Kf5 45. g4+ Qxg4+ 46. Kf2 Qf4+ 47. Ke1 Qe5+ 48. Qxe5+ Kxe5 0-1

[Event "Mittelfranken-chTB2a 1718"]
[Site "Mittelfranken"]
[Date "2018.04.22"]
[Round "8.3"]
[White "Wittmann, Karl"]
[Black "Pikal, Alexander"]
[Result "1/2-1/2"]
[WhiteElo "2077"]
[BlackElo "1914"]
[PlyCount "104"]
[EventDate "2017.10.08"]
[EventType "team-tourn"]
[EventRounds "9"]
[EventCountry "GER"]
[SourceTitle "EXT 2022"]
[Source "ChessBase"]
[SourceDate "2021.10.06"]
[SourceVersion "1"]
[SourceVersionDate "2021.10.06"]
[SourceQuality "1"]
[WhiteTeam "Fuerth SG"]
[BlackTeam "Bad Windsheim/Ansbach"]
[WhiteTeamCountry "GER"]
[BlackTeamCountry "GER"]

1. e4 d6 2. d4 g6 3. Nc3 Bg7 4. f4 c6 5. Nf3 b5 6. Bd3 b4 7. Ne2 Nh6 8. a3 Qb6 9. axb4 Qxb4+ 10. c3 Qb6 11. h3 d5 12. e5 c5 13. dxc5 Qxc5 14. Ned4 Qb6 15. Qe2 Nf5 16. Bb5+ Kf8 17. Nxf5 Bxf5 18. Be3 Qb7 19. Nd4 Bd7 20. Bd3 Nc6 21. Ba6 Qb8 22. 0-0 Nxd4 23. Bxd4 e6 24. Bc5+ Kg8 25. Ra5 Bf8 26. Bd4 Qc7 27. Rfa1 Bh6 28. g3 Kg7 29. Bd3 Rhb8 30. Rxa7 Rxa7 31. Rxa7 Qc6 32. b4 Kg8 33. b5 Qc8 34. b6 Bf8 35. Rc7 Qd8 36. Qa2 Be8 37. h4 Be7 38. Qa5 Bxh4 39. gxh4 Qxh4 40. Bf2 Qg4+ 41. Kf1 Qd1+ 42. Kg2 Qxd3 43. Qa7 Qe4+ 44. Kg3 Qd3+ 45. Kh2 Qf3 46. b7 d4 47. Qxd4 Rxb7 48. Rxb7 Qxb7 49. c4 Qf3 50. Bh4 Qe2+ 51. Kg3 Qe1+ 52. Kh3 Qh1+ 1/2-1/2

[Event "Mittelfranken-chTB2a 1718"]
[Site "Mittelfranken"]
[Date "2018.03.04"]
[Round "6.3"]
[White "Wittmann, Karl"]
[Black "Beck, Karl1111"]
[Result "1/2-1/2"]
[WhiteElo "2077"]
[BlackElo "1987"]
[PlyCount "31"]
[EventDate "2017.10.08"]
[EventType "team-tourn"]
[EventRounds "9"]
[EventCountry "GER"]
[SourceTitle "EXT 2022"]
[Source "ChessBase"]
[SourceDate "2021.10.06"]
[SourceVersion "1"]
[SourceVersionDate "2021.10.06"]
[SourceQuality "1"]
[WhiteTeam "Fuerth SG"]
[BlackTeam "Treuchtlingen/Wet SG"]
[WhiteTeamCountry "GER"]
[BlackTeamCountry "GER"]

1. e4 d6 2. d4 g6 3. Nc3 Bg7 4. f4 c6 5. Be3 Nf6 6. Nf3 b5 7. Bd3 b4 8. Nb1 Ng4 9. Bg1 c5 10. h3 Nh6 11. c3 Qa5 12. Qd2 bxc3 13. bxc3 Ba6 14. Bxa6 Nxa6 15. Be3 cxd4 16. cxd4 1/2-1/2

[Event "Mittelfranken-chTB2a 1718"]
[Site "Mittelfranken"]
[Date "2017.10.29"]
[Round "2.3"]
[White "Wittmann, Karl"]
[Black "Belich, Walter"]
[Result "1-0"]
[WhiteElo "2077"]
[BlackElo "1877"]
[PlyCount "99"]
[EventDate "2017.10.08"]
[EventType "team-tourn"]
[EventRounds "9"]
[EventCountry "GER"]
[SourceTitle "EXT 2022"]
[Source "ChessBase"]
[SourceDate "2021.10.06"]
[SourceVersion "1"]
[SourceVersionDate "2021.10.06"]
[SourceQuality "1"]
[WhiteTeam "Fuerth SG"]
[BlackTeam "Nuernberg Sued SW IV"]
[WhiteTeamCountry "GER"]
[BlackTeamCountry "GER"]

1. e4 c5 2. Nc3 Nc6 3. f4 e6 4. Nf3 d5 5. e5 Qb6 6. g3 Nh6 7. Bh3 Bd7 8. b3 0-0-0 9. Qe2 Be7 10. Na4 Qa5 11. 0-0 Nb4 12. d3 Bxa4 13. bxa4 Qxa4 14. Rf2 d4 15. g4 Kb8 16. f5 Qd7 17. f6 Bf8 18. Rb1 Nxa2 19. Qe1 Nc3 20. Rb3 Rg8 21. g5 Nf5 22. Bg2 b6 23. Rxc3 dxc3 24. Bf4 Qa4 25. Bc1 Kc7 26. Qxc3 Qb4 27. Qa1 a5 28. Bd2 Qb5 29. Qe1 Qa4 30. Re2 Nd4 31. Nxd4 Qxd4+ 32. Kh1 gxf6 33. exf6 Qa4 34. Qg3+ Bd6 35. Qf3 Rb8 36. Qh5 Qd7 37. Qf3 a4 38. c4 a3 39. Bc1 b5 40. Bxa3 Rxg5 41. Bb2 bxc4 42. dxc4 Qa4 43. Bc3 Qd1+ 44. Be1 Qa4 45. Ra2 Qe8 46. Ra7+ Kc8 47. Qa3 Bc7 48. Qa6+ Kd8 49. Rxc7 Kxc7 50. Ba5+ 1-0

[Event "Mittelfranken-chTB1 1617"]
[Site "Mittelfranken"]
[Date "2016.12.11"]
[Round "4.1"]
[White "Wittmann, Paul"]
[Black "Wittmann, Karl"]
[Result "1/2-1/2"]
[WhiteElo "2016"]
[BlackElo "2066"]
[PlyCount "40"]
[EventDate "2016.10.23"]
[EventType "team-tourn"]
[EventRounds "9"]
[EventCountry "GER"]
[SourceTitle "EXT 2022"]
[Source "ChessBase"]
[SourceDate "2021.10.06"]
[SourceVersion "1"]
[SourceVersionDate "2021.10.06"]
[SourceQuality "1"]
[WhiteTeam "Nuernberg Zabo Eintracht"]
[BlackTeam "Fuerth SF"]
[WhiteTeamCountry "GER"]
[BlackTeamCountry "GER"]

1. d4 d5 2. Bf4 Nf6 3. e3 c5 4. c3 Qb6 5. Qb3 c4 6. Qxb6 axb6 7. Bxb8 Rxb8 8. Nd2 b5 9. Ngf3 Bf5 10. Be2 Ra8 11. a3 e6 12. 0-0 h6 13. Ne5 Nd7 14. Nxd7 Kxd7 15. f3 Be7 16. Rac1 Bh7 17. Bd1 Bd3 18. Re1 Bg6 19. Bc2 Bxc2 20. Rxc2 Bd6 1/2-1/2

[Event "Mittelfranken-chTB1 1415"]
[Site "Mittelfranken"]
[Date "2015.01.25"]
[Round "5.1"]
[White "Wittmann, Karl"]
[Black "Leibing, Kai Ingo"]
[Result "1-0"]
[WhiteElo "2040"]
[BlackElo "1780"]
[PlyCount "89"]
[EventDate "2014.09.29"]
[EventType "team-tourn"]
[EventRounds "9"]
[EventCountry "GER"]
[SourceTitle "EXT 2020"]
[Source "ChessBase"]
[SourceDate "2019.10.17"]
[SourceVersion "1"]
[SourceVersionDate "2019.10.17"]
[SourceQuality "1"]
[WhiteTeam "Fuerth SF"]
[BlackTeam "Nuernberg SK 1911 II"]
[WhiteTeamCountry "GER"]
[BlackTeamCountry "GER"]

1. e4 c6 2. d4 d6 3. Nc3 Nf6 4. f4 b5 5. a3 a6 6. Bd3 e6 7. Nf3 Be7 8. 0-0 0-0 9. Kh1 Bb7 10. Qe1 c5 11. e5 Nd5 12. exd6 Bxd6 13. Ng5 h6 14. Nxe6 fxe6 15. Qxe6+ Kh8 16. Nxd5 Bxd5 17. Qxd5 Qb6 18. Qe4 Kg8 19. Qe6+ Kh8 20. Qg6 Kg8 21. Be4 Ra7 22. Bd2 cxd4 23. Bb4 Rf6 24. Qh7+ Kf8 25. Bd5 Bxb4 26. Qg8+ Ke7 27. axb4 Kd6 28. Rae1 Rd7 29. Re8 Nc6 30. Rfe1 Ne7 31. Qe6+ Rxe6 32. Rxe6+ Kc7 33. Rxb6 Kxb6 34. Be4 a5 35. Rb8+ Ka6 36. Ra8+ Kb6 37. bxa5+ Kc5 38. g3 Nd5 39. Rc8+ Nc7 40. Bb7 b4 41. Ba6 b3 42. cxb3 Kb4 43. Rb8+ Kxa5 44. Bd3 Nd5 45. Rb5+ 1-0

[Event "Regionalliga NO 1314"]
[Site "Bayern"]
[Date "2014.02.09"]
[Round "6.1"]
[White "Wittmann, Karl"]
[Black "Lutz, Dieter"]
[Result "0-1"]
[WhiteElo "2054"]
[BlackElo "2240"]
[PlyCount "54"]
[EventDate "2013.10.13"]
[EventType "team-tourn"]
[EventRounds "9"]
[EventCountry "GER"]
[SourceTitle "EXT 2015"]
[Source "ChessBase"]
[SourceDate "2014.11.20"]
[SourceVersion "1"]
[SourceVersionDate "2014.11.20"]
[SourceQuality "1"]
[WhiteTeam "Fuerth SF"]
[BlackTeam "Bechhofen"]
[WhiteTeamCountry "GER"]
[BlackTeamCountry "GER"]

1. e4 d5 2. exd5 Qxd5 3. Nc3 Qa5 4. d4 Nf6 5. Nf3 Bg4 6. h3 Bh5 7. g4 Bg6 8. Ne5 Nbd7 9. Nc4 Qa6 10. Bf4 Qe6+ 11. Be2 Nd5 12. Nxd5 Qxd5 13. 0-0 0-0-0 14. Bg3 Nf6 15. c3 e6 16. Qa4 Kb8 17. Ne3 Qe4 18. Rfe1 h5 19. g5 h4 20. Bxc7+ Kxc7 21. gxf6 Kb8 22. Bf1 Qf4 23. Qb5 Rh5 24. Qc4 Bd6 25. Bg2 Rg5 26. d5 Be4 27. Ng4 Rxg4 0-1

[Event "Mittelfranken-chTB1 1213"]
[Site "Germany"]
[Date "2013.02.11"]
[Round "7.1"]
[White "Martin, Thomas"]
[Black "Wittmann, Karl"]
[Result "1-0"]
[WhiteElo "2205"]
[BlackElo "2025"]
[PlyCount "141"]
[EventDate "2012.10.07"]
[EventType "team-tourn"]
[EventRounds "9"]
[EventCountry "GER"]
[SourceTitle "EXT 2019"]
[Source "ChessBase"]
[SourceDate "2018.10.10"]
[SourceVersion "1"]
[SourceVersionDate "2018.10.10"]
[SourceQuality "1"]
[WhiteTeam "Nuernberg NT III"]
[BlackTeam "Fuerth SF"]
[WhiteTeamCountry "GER"]
[BlackTeamCountry "GER"]

1. Nf3 d5 2. g3 Nf6 3. Bg2 c5 4. 0-0 Nc6 5. d3 e6 6. Nbd2 Be7 7. e4 dxe4 8. dxe4 0-0 9. c3 Qc7 10. Qc2 b6 11. Re1 Bb7 12. Nc4 Rad8 13. a4 Ba6 14. Bf4 Qc8 15. Bf1 Nh5 16. Be3 Nf6 17. e5 Nd5 18. Bg5 Bxc4 19. Bxc4 Rd7 20. Bxe7 Ncxe7 21. Bd3 h6 22. Bb5 Rdd8 23. Qe4 Qa8 24. Bd3 Ng6 25. a5 Nde7 26. Qe2 Qc6 27. axb6 axb6 28. Ra7 Nd5 29. Be4 Rd7 30. Rxd7 Qxd7 31. Qd3 b5 32. Rd1 c4 33. Qd4 Nge7 34. Ra1 Rc8 35. Bc2 Qc6 36. Qe4 g6 37. h4 b4 38. cxb4 Nxb4 39. Qxc6 Rxc6 40. Be4 Rc5 41. Rc1 Ned5 42. Kf1 Nb6 43. Ra1 Nd7 44. Ra4 Rb5 45. Nd2 Nb6 46. Ra7 Nd3 47. Nxc4 Nxe5 48. Nxe5 Rxe5 49. Bd3 g5 50. hxg5 hxg5 51. b4 Rd5 52. Ke2 Rd4 53. b5 Rb4 54. Rc7 Rb2+ 55. Rc2 Rb3 56. Kd2 Kg7 57. Rc5 Rb2+ 58. Bc2 Nd5 59. Kc1 Rb4 60. Bd3 Kf6 61. Kc2 Ke5 62. Rc4 Rxc4+ 63. Bxc4 Kd4 64. Bxd5 Kxd5 65. Kb3 f5 66. Kb4 Kd6 67. Ka5 Kc7 68. Ka6 Kb8 69. Kb6 e5 70. Kc5 Kc7 71. Kd5 1-0

[Event "Mittelfranken-chTB1 1213"]
[Site "Germany"]
[Date "2012.10.21"]
[Round "2.1"]
[White "Fuchs, Gerhard"]
[Black "Wittmann, Karl"]
[Result "1-0"]
[WhiteElo "2073"]
[BlackElo "2025"]
[PlyCount "31"]
[EventDate "2012.10.07"]
[EventType "team-tourn"]
[EventRounds "9"]
[EventCountry "GER"]
[SourceTitle "EXT 2019"]
[Source "ChessBase"]
[SourceDate "2018.10.10"]
[SourceVersion "1"]
[SourceVersionDate "2018.10.10"]
[SourceQuality "1"]
[WhiteTeam "Nuernberg SK 1911"]
[BlackTeam "Fuerth SF"]
[WhiteTeamCountry "GER"]
[BlackTeamCountry "GER"]

1. e4 e5 2. Nf3 Nc6 3. d4 exd4 4. c3 d5 5. exd5 Qxd5 6. cxd4 Bg4 7. Be2 0-0-0 8. Nc3 Bb4 9. 0-0 Bxc3 10. bxc3 Bxf3 11. Bxf3 Qb5 12. Qb3 Qxb3 13. axb3 Nge7 14. Ba3 a6 15. Rfe1 Rhe8 16. d5 1-0

[Event "Mittelfranken-chTB1 1112"]
[Site "Germany"]
[Date "2011.12.11"]
[Round "4.1"]
[White "Bunk, Karsten"]
[Black "Wittmann, Karl"]
[Result "1-0"]
[WhiteElo "2023"]
[BlackElo "2029"]
[PlyCount "145"]
[EventDate "2011.09.25"]
[EventType "team-tourn"]
[EventRounds "9"]
[EventCountry "GER"]
[SourceTitle "EXT 2013"]
[Source "ChessBase"]
[SourceDate "2012.11.22"]
[SourceVersion "1"]
[SourceVersionDate "2012.11.22"]
[SourceQuality "1"]
[WhiteTeam "Nuernberg Sued SW II"]
[BlackTeam "Fuerth"]
[WhiteTeamCountry "GER"]
[BlackTeamCountry "GER"]

1. c4 Nf6 2. g3 g6 3. Bg2 Bg7 4. Nc3 c5 5. a3 Nc6 6. Rb1 a5 7. Nf3 0-0 8. 0-0 d5 9. cxd5 Nxd5 10. Nxd5 Qxd5 11. d3 Ra6 12. Be3 Qd6 13. Nd2 Nd4 14. Ne4 Qc7 15. Rc1 b6 16. b4 axb4 17. axb4 f5 18. Bxd4 Bxd4 19. Qb3+ Kh8 20. Ng5 Bf6 21. Ne6 Bxe6 22. Qxe6 Qd6 23. Qc4 b5 24. Qxc5 Ra4 25. Rb1 Qxc5 26. bxc5 b4 27. Rfd1 Bc3 28. d4 Ra7 29. d5 Kg7 30. d6 Rd8 31. Rd3 exd6 32. cxd6 Kf6 33. Rbd1 Ra1 34. Rxa1 Bxa1 35. d7 Ke7 36. Bc6 Bf6 37. h3 Rb8 38. Ba4 Kd8 39. g4 Ra8 40. Bb3 fxg4 41. hxg4 Ra7 42. Rf3 Be7 43. Be6 Ra6 44. Re3 Ra3 45. Re4 Rc3 46. Re5 Rc5 47. Rxc5 Bxc5 48. g5 Ke7 49. Kg2 Bb6 50. Bg8 Kf8 51. Bb3 Kg7 52. Kf3 h5 53. gxh6+ Kxh6 54. Ke4 Kg7 55. Kd5 Kf6 56. Kd6 Bd8 57. e4 Be7+ 58. Kd5 Bd8 59. f4 Ke7 60. Kc6 Ba5 61. e5 Bd8 62. Bc2 Kf7 63. Kd6 Kg7 64. e6 b3 65. Bxb3 Kf6 66. Bc2 Ba5 67. Bxg6 Bb4+ 68. Kc7 Ba5+ 69. Kc8 Ke7 70. Bf7 Bb6 71. f5 Bd8 72. f6+ Kf8 73. e7+ 1-0

[Event "Mittelfranken-chTB1 1011"]
[Site "Germany"]
[Date "2011.03.13"]
[Round "7.2"]
[White "Roeber, Juergen"]
[Black "Wittmann, Karl"]
[Result "1-0"]
[WhiteElo "2124"]
[BlackElo "2004"]
[PlyCount "111"]
[EventDate "2010.09.26"]
[EventType "team-tourn"]
[EventRounds "9"]
[EventCountry "GER"]
[SourceTitle "EXT 2012"]
[Source "ChessBase"]
[SourceDate "2011.11.24"]
[SourceVersion "1"]
[SourceVersionDate "2011.11.24"]
[SourceQuality "1"]
[WhiteTeam "Postbauer Heng"]
[BlackTeam "Fuerth"]
[WhiteTeamCountry "GER"]
[BlackTeamCountry "GER"]

1. e4 e5 2. Nf3 Nc6 3. Bb5 a6 4. Bxc6 dxc6 5. d4 exd4 6. Qxd4 Qxd4 7. Nxd4 Bd6 8. Be3 Bd7 9. Nc3 0-0-0 10. 0-0-0 Ne7 11. h3 f5 12. exf5 Nxf5 13. Nxf5 Bxf5 14. Rhe1 Rhf8 15. Re2 Rde8 16. Bd4 Rxe2 17. Nxe2 Re8 18. Be3 Be4 19. g3 Bf3 20. Re1 c5 21. h4 b5 22. Ng1 Bh5 23. Bd2 Rxe1+ 24. Bxe1 Bf7 25. Bc3 g6 26. a3 b4 27. Bg7 bxa3 28. bxa3 c4 29. Kb2 Kd7 30. Nf3 Bc5 31. Ng5 Bd5 32. Nxh7 Bxf2 33. Be5 Bc5 34. g4 Be7 35. Bf6 c3+ 36. Bxc3 Bg8 37. Nf6+ Bxf6 38. Bxf6 Ke6 39. Bd8 Kd6 40. h5 gxh5 41. gxh5 c6 42. h6 Kc5 43. Kc3 Bh7 44. Kb3 Kb5 45. c4+ Kc5 46. Be7+ Kb6 47. Kb4 Bg8 48. Bd8+ Kb7 49. Kc5 Kc8 50. Ba5 Kb7 51. Kd6 Bh7 52. c5 Bc2 53. Ke7 Kc8 54. Kf7 Kd7 55. Bb6 Bd3 56. a4 1-0

[Event "Mittelfranken-chTB1 0910"]
[Site "Mittelfranken"]
[Date "2010.01.10"]
[Round "5.2"]
[White "Grimm, Pascal"]
[Black "Wittmann, Karl"]
[Result "0-1"]
[WhiteElo "1910"]
[BlackElo "2019"]
[PlyCount "78"]
[EventDate "2009.10.11"]
[EventType "team-tourn"]
[EventRounds "9"]
[EventCountry "GER"]
[SourceTitle "EXT 2011"]
[Source "ChessBase"]
[SourceDate "2010.11.26"]
[SourceVersion "1"]
[SourceVersionDate "2010.11.26"]
[SourceQuality "1"]
[WhiteTeam "Postbauer Heng"]
[BlackTeam "Fuerth SF"]
[WhiteTeamCountry "GER"]
[BlackTeamCountry "GER"]

1. c4 c5 2. g3 Nc6 3. Bg2 g6 4. e3 Bg7 5. Ne2 e5 6. Nbc3 Nge7 7. 0-0 0-0 8. a3 d6 9. Rb1 a5 10. d3 Rb8 11. Qb3 Bd7 12. Nb5 Be6 13. Nec3 f5 14. Nd5 Nxd5 15. cxd5 Bf7 16. Qc2 Ne7 17. e4 Be8 18. Nc3 f4 19. f3 Bd7 20. b4 axb4 21. axb4 b6 22. Bd2 Qc7 23. Na4 Qa7 24. Nb2 b5 25. Ra1 Qb6 26. bxc5 dxc5 27. Ba5 Qd6 28. Ra2 fxg3 29. hxg3 Bh6 30. Bd2 Bxd2 31. Qxd2 Ra8 32. Rfa1 Rxa2 33. Rxa2 Nc8 34. Nd1 Nb6 35. Nc3 b4 36. Nd1 c4 37. Qe3 c3 38. Ra6 c2 39. Nb2 Nxd5 0-1

[Event "Mittelfranken-chTB1 0910"]
[Site "Mittelfranken"]
[Date "2009.12.06"]
[Round "4.2"]
[White "Wittmann, Karl"]
[Black "Justen, Detlef"]
[Result "0-1"]
[WhiteElo "2019"]
[BlackElo "2131"]
[PlyCount "86"]
[EventDate "2009.10.11"]
[EventType "team-tourn"]
[EventRounds "9"]
[EventCountry "GER"]
[SourceTitle "EXT 2011"]
[Source "ChessBase"]
[SourceDate "2010.11.26"]
[SourceVersion "1"]
[SourceVersionDate "2010.11.26"]
[SourceQuality "1"]
[WhiteTeam "Fuerth SF"]
[BlackTeam "Gunzenhausen"]
[WhiteTeamCountry "GER"]
[BlackTeamCountry "GER"]

1. e4 c5 2. Nf3 Nc6 3. Bb5 d6 4. 0-0 Bd7 5. c3 Nf6 6. Re1 a6 7. Ba4 b5 8. Bc2 Bg4 9. h3 Bh5 10. d3 e6 11. a4 Be7 12. Bf4 Nd7 13. g4 Bg6 14. d4 0-0 15. Na3 cxd4 16. cxd4 Nb4 17. Bb3 bxa4 18. Bxa4 Nb6 19. Bb3 d5 20. e5 Nd3 21. Bd2 Nxe1 22. Bxe1 Qd7 23. Ba5 Qb7 24. Nd2 Rfc8 25. f4 Bxa3 26. Rxa3 Nc4 27. Ra2 Nxa5 28. Rxa5 Qb6 29. Ra4 Rc7 30. f5 exf5 31. Bxd5 Rd8 32. Nc4 Qb5 33. Ra5 Qb4 34. Ra4 Qe7 35. Qf3 fxg4 36. hxg4 Qd7 37. Nb6 Rc1+ 38. Kf2 Qb5 39. Qb3 Qf1+ 40. Kg3 Qg1+ 41. Kf4 Rf1+ 42. Bf3 Qh2+ 43. Ke3 Qg3 0-1

[Event "Mittelfranken-chTB1 0809"]
[Site "Mittelfranken"]
[Date "2009.03.08"]
[Round "7.2"]
[White "Grimm, Pascal"]
[Black "Wittmann, Karl"]
[Result "1-0"]
[WhiteElo "1783"]
[BlackElo "2066"]
[PlyCount "71"]
[EventDate "2008.10.12"]
[EventType "team"]
[EventRounds "9"]
[EventCountry "GER"]
[SourceTitle "EXT 2011"]
[Source "ChessBase"]
[SourceDate "2010.11.26"]
[SourceVersion "1"]
[SourceVersionDate "2010.11.26"]
[SourceQuality "1"]
[WhiteTeam "Postbauer II"]
[BlackTeam "Fuerth SF"]
[WhiteTeamCountry "GER"]
[BlackTeamCountry "GER"]

1. c4 c5 2. g3 Nc6 3. Bg2 g6 4. e3 Bg7 5. Ne2 e5 6. 0-0 Nge7 7. Nbc3 d6 8. Rb1 0-0 9. a3 a5 10. d3 Be6 11. Nd5 Bxd5 12. cxd5 Na7 13. b4 cxb4 14. axb4 b5 15. bxa5 Qxa5 16. Bd2 Qb6 17. e4 Rfb8 18. Qb3 Nec8 19. Be3 Qd8 20. Qb4 Rb7 21. Nc3 Rab8 22. Bh3 h5 23. Na2 Ne7 24. Qd2 Nac8 25. Nb4 Ra8 26. Rfc1 f5 27. Bg5 Qf8 28. Ra1 Rba7 29. Rxa7 Rxa7 30. Nc6 Nxc6 31. Rxc6 Ra8 32. exf5 gxf5 33. Qe2 Ra7 34. Qxh5 Ra1+ 35. Kg2 Na7 36. Rc7 1-0

[Event "Mittelfrankenliga-B1 0708"]
[Site "Mittelfranken"]
[Date "2008.04.27"]
[Round "9.2"]
[White "Wittmann, Karl"]
[Black "Belich, Walter"]
[Result "1-0"]
[WhiteElo "2066"]
[BlackElo "1973"]
[PlyCount "133"]
[EventDate "2007.10.14"]
[EventType "team-tourn"]
[EventRounds "9"]
[EventCountry "GER"]
[SourceTitle "EXT 2011"]
[Source "ChessBase"]
[SourceDate "2010.11.26"]
[SourceVersion "1"]
[SourceVersionDate "2010.11.26"]
[SourceQuality "1"]
[WhiteTeam "Schwanstetten"]
[BlackTeam "Zirndorf II"]
[WhiteTeamCountry "GER"]
[BlackTeamCountry "GER"]

1. e4 c5 2. Nf3 Nc6 3. d4 cxd4 4. Nxd4 Nf6 5. Nc3 e5 6. Ndb5 d6 7. Bg5 a6 8. Na3 Be7 9. Bxf6 gxf6 10. Bc4 0-0 11. Qh5 Bd7 12. Nd5 b5 13. Bb3 Nd4 14. c3 Nxb3 15. axb3 Be6 16. Rd1 Kh8 17. Nc2 Rg8 18. Nce3 Ra7 19. Qf3 Rg6 20. 0-0 Bf8 21. Nf5 Qd7 22. Nfe3 Qd8 23. Rd3 Bh6 24. Nf5 Bf8 25. Rfd1 Rd7 26. b4 Rg5 27. Nde3 Rg6 28. R1d2 Bb3 29. h4 Rg8 30. Qh3 Be6 31. Nd5 Rg6 32. Qf3 Rg8 33. Qh3 Rg6 34. Rf3 Bh6 35. Rdd3 Bf8 36. Rg3 Kg8 37. Rg4 Kh8 38. Rdg3 Bxd5 39. exd5 Ra7 40. h5 Rg5 41. h6 Rg6 42. Qh4 Ra8 43. Qh5 Be7 44. Nh4 Qe8 45. Nf5 Qd7 46. Ng7 Rxg4 47. Rxg4 Rg8 48. Qh3 Qd8 49. Qg3 Qf8 50. Qf3 Qd8 51. Qe4 Bf8 52. Nf5 Rg6 53. Rh4 Qd7 54. g4 Be7 55. f3 Bd8 56. Kf2 Bb6+ 57. Ke2 Ba7 58. Rh1 Qd8 59. Kd2 Kg8 60. Ra1 Qb6 61. Ne7+ Kf8 62. Nxg6+ fxg6 63. Kc2 Qb7 64. f4 Bb8 65. fxe5 dxe5 66. Rf1 Ke7 67. d6+ 1-0

[Event "Mittelfrankenliga-B1 0708"]
[Site "Mittelfranken"]
[Date "2008.03.02"]
[Round "7.2"]
[White "Pranschke, Gerd"]
[Black "Wittmann, Karl"]
[Result "0-1"]
[WhiteElo "1989"]
[BlackElo "2066"]
[PlyCount "92"]
[EventDate "2007.10.14"]
[EventType "team-tourn"]
[EventRounds "9"]
[EventCountry "GER"]
[SourceTitle "EXT 2011"]
[Source "ChessBase"]
[SourceDate "2010.11.26"]
[SourceVersion "1"]
[SourceVersionDate "2010.11.26"]
[SourceQuality "1"]
[WhiteTeam "Nuernberg NT III"]
[BlackTeam "Schwanstetten"]
[WhiteTeamCountry "GER"]
[BlackTeamCountry "GER"]

1. e4 e5 2. Nf3 Nc6 3. Bb5 a6 4. Bxc6 dxc6 5. 0-0 f6 6. d4 exd4 7. Nxd4 c5 8. Ne2 Qxd1 9. Rxd1 Bd7 10. Be3 0-0-0 11. Nbc3 Bd6 12. Nf4 Ne7 13. Nfd5 Nxd5 14. Nxd5 Bc6 15. f3 Rhe8 16. c4 b6 17. Rd2 Bxd5 18. Rxd5 Be5 19. Rxd8+ Rxd8 20. Rb1 Rd3 21. Kf2 Bd4 22. Bxd4 Rxd4 23. b3 Rd2+ 24. Kg3 Rxa2 25. h4 Kd7 26. h5 h6 27. f4 Rd2 28. Kf3 a5 29. g3 Rd3+ 30. Kf2 Ke6 31. Rb2 c6 32. Rb1 b5 33. Ra1 Rxb3 34. Rxa5 Rb4 35. cxb5 cxb5 36. Ra7 Rxe4 37. Rxg7 b4 38. Rb7 Rc4 39. Kf3 Rc3+ 40. Kg4 b3 41. Rb6+ Ke7 42. Kh4 c4 43. g4 Rf3 44. Rb7+ Kd6 45. Rb6+ Kc5 46. Rxf6 b2 0-1